| 000 | 00467nam a2200145 a 4500 | ||
|---|---|---|---|
| 001 | 000033067 | ||
| 005 | 20200930070016.0 | ||
| 008 | 110809s1905 dr 000 0 spa d | ||
| 040 |
_aDO-SdBNP _bspa _cBNPHU |
||
| 100 | 1 |
_aGarcía Mella, Arístides _958758 |
|
| 245 | 1 | 0 |
_aTiempo perdido : _bartículos literarios y de costumbres / _cArístides García Mella. |
| 260 |
_aSanto Domingo : _bImp. La Cuana de América, _c1905. |
||
| 300 |
_a179 p. ; _c18 cm. |
||
| 049 | _aBNPD | ||
| 999 |
_c32558 _d32558 |
||